000 00700nam a2200289Ia 4500
005 20260324111959.0
008 008 260324s9999 xx 000 0 eng d
020 _a9781003473114
037 _aEBOOK
040 _aCRL
040 _beng
040 _cCRL
041 _2eng
041 _aeng
084 _qCRL
100 _aLeon Kaganovskiy
_91131679
245 0 _aApplied Statistics with Python
245 0 _bVolume I: Introductory Statistics and Regression
260 _bTaylor and Francis
260 _c2025
365 _a
365 _b195
856 _uhttp://www.taylorfrancis.com/books/9781003473114
942 _cEBOOK
999 _c1729828
_d1729828